| 000 | 01726nam a2200253 4500 | ||
|---|---|---|---|
| 001 | 0000010926 | ||
| 005 | 20250329165434.0 | ||
| 008 | 180709s2018 000 0 eng d | ||
| 040 |
_aCO-CtgCURN _bspa _ccoctgcurn |
||
| 082 | 0 |
_aENF 2018 _bA185 |
|
| 100 | 1 | _aAcosta Herrera, Elizabeth. | |
| 245 | 1 | 0 |
_aConsecuencias del trabajo nocturno en el personal de enfermería en dos IPS de Cartagena. 2018 / _cElizabeth Acosta Herrera; Emma Beatriz Soto Cuadro; María Teresa Navarro Arrieta; Asesor Humberto Doria. |
| 260 |
_aCartagena de Indias : _bCorporación Universitaria Rafael Núñez, _c2018. |
||
| 300 | _a120 h. | ||
| 504 | _aTrabajo de grado (Enfermeria). Corporacion Universitaria Rafael Nuñez. Facultad de la Salud. Enfermeria, 2018. | ||
| 520 | _aEl trabajo de cuidados en salud es imprescindible para cualquier sociedad moderna, y debe realizarse continuamente en las 24 horas del día. Sin embargo, cuando realizar trabajo en turnos nocturno implica una serie de potenciales consecuencias en quien lo realiza. OBJETIVO: Analizar las consecuencias que tiene el trabajo nocturno en las relaciones familiares, sociales y en la salud del personal de enfermería que trabajan en las IPS de Cartagena durante 2018. | ||
| 650 | 0 |
_aEnfermeria _vTesis y disertaciones academicas. |
|
| 700 | 1 | _aSoto Cuadro, Emma Beatríz. | |
| 700 | 1 | _aNavarro Arrieta, María Teresa. | |
| 700 | 1 |
_aDoria, Humberto, _eAsesor. |
|
| 856 | 7 |
_uhttps://unicurn.sharepoint.com/:b:/s/biblioteca/EcQqZhh2dRJKgDL6-7Hnl-wBqmMokqoWaQ7n92oaUFrOUg?e=2LXAw2 _zClick aqui para ver el recurso en texto completo |
|
| 942 |
_2ddc _cTG _hENF 2018 _iA185 |
||
| 999 |
_c3985 _d3985 |
||